El juego de las amazonas [juego] /
Guardado en:
| Autor Principal: | |
|---|---|
| Formato: | Objeto Físico |
| Publicado: |
Argentina :
de Mente,
[199?]
|
| Materias: | |
| Etiquetas: |
Agregar Etiqueta
Sin Etiquetas, Sea el primero en etiquetar este registro!
|
| LEADER | 00840nrm a22001815g 4500 | ||
|---|---|---|---|
| 001 | CEM.cems019340 | ||
| 008 | 130507b199?##################0###0#####d | ||
| 005 | 20220830161106.0 | ||
| 003 | CEMS | ||
| 245 | 1 | 0 | |a El juego de las amazonas [juego] / |c Walter Zamkauskas |
| 260 | |a Argentina : |b de Mente, |c [199?] | ||
| 300 | |a 1 juego (tablero, 8 fichas plásticas en dos colores-amazonas, 90 fichas plásticas redondas) ; en caja 28 x 22 x 4 cm. + manual de instrucciones. | ||
| 500 | |a Para 2 jugadores a partir de 12 años y adultos objetivo: impedir que el contrincante haga su jugada intentando ser el último en realizar una jugada completa: mover y disparar. | ||
| 100 | 1 | |a Zamkauskas, Walter | |
| 082 | 0 | 4 | |a J794 |
| 600 | 1 | 4 | |a 1. Zamkauskas, Walter |
| 653 | |a 1. juegos de estrategia tradicional | ||
| 859 | |a CEMS |b BIB. CEMS - Ludoteca |h J794 |i Z14 |p 127.97 |t Ej.1 | ||
